| 000 | 00415nam a2200181Ia 4500 | ||
|---|---|---|---|
| 005 | 20250423100616.0 | ||
| 008 | 250422s9999 xx 000 0 und d | ||
| 020 | _a978-1-85326-000-1 | ||
| 050 | _aPR 4034 .P7/ | ||
| 100 | _aAusten, Jane | ||
| 245 | 0 | _aPride and prejudice | |
| 260 | _aLondon | ||
| 260 | _bWordsworth Classics | ||
| 260 | _c1993 | ||
| 300 | _a329 p | ||
| 650 | _aLiterature | ||
| 942 | _cBK | ||
| 999 |
_c33817 _d33817 |
||